000
00333nam a2200133Ia 4500
008
220803s9999 xx 000 0 und d
041
_a
eng
082
_a
720
245
_a
Architectural Digest : Dec 1994
260
_a
New York
_b
Benedikt Taschen
_c
1994
500
_a
Architecture
520
_a
Withdrawn
650
_a
Architecture
_9
9925
999
_c
8691
_d
8691